Optimal returns farming system(RRIMFARM) (Record no. 64412)

MARC details
000 -LEADER
fixed length control field 00477nam a2200133Ia 4500
100 ## - MAIN ENTRY--AUTHOR NAME
Personal name Mohd Akib Mohd Yusoff
245 #0 - TITLE STATEMENT
Title Optimal returns farming system(RRIMFARM)
260 ## - PUBLICATION, DISTRIBUTION, ETC. (IMPRINT)
Name of publisher In: Ensuring sustainability and competitiveness of the NR industry: Proceedings of the RRIM Rubber Growers Conference, Kuala Lumpur, 1995; p234-252
650 ## - SUBJECT ADDED ENTRY--TOPICAL TERM
Topical Term Farming system
700 ## - ADDED ENTRY--PERSONAL NAME
Personal name Ibrahim A G
700 ## - ADDED ENTRY--PERSONAL NAME
Personal name Shahabuddin M Y
942 ## - ADDED ENTRY ELEMENTS (KOHA)
Koha item type Journals
Holdings
Withdrawn status Lost status Damaged status Not for loan Home library Current library Shelving location Date acquired Koha item type
      Journals RRII Library RRII Library Agricultural economics 17/12/2021 Journals